000 00450nam a2200145Ia 4500
008 151213s9999 xx 000 0 und d
100 _aরাব্য়ো মঈন।
245 _aপ্রজাপতি মন
_cরাব্য়ো মঈন।
260 _aঢাকা
_bশোভন।
_c1991
300 _a8782 p.
650 _aBangla
650 _aউপন্যাস
700 _aরাব্য়ো মঈন।
999 _c4567
_d4567